अप्रतिम कवि तुलसीदास/ (Record no. 201892)

MARC details
000 -LEADER
fixed length control field 00847nam a22002057a 4500
005 - DATE AND TIME OF LATEST TRANSACTION
control field 20240403125417.0
010 ## - LCCN (DPL NO)
LC control number HIN-127253
020 ## - INTERNATIONAL STANDARD BOOK NUMBER
International Standard Book Number 9788188555925
Terms of availability 550.00
035 ## - SYSTEM CONTROL NUMBER
System control number HN-99599
037 ## - SOURCE OF ACQUISITION
Source of stock number/acquisition DBAD/PUB.
082 ## - DEWEY DECIMAL CLASSIFICATION NUMBER
Classification number 820.08
100 ## - MAIN ENTRY--PERSONAL NAME
Personal name टंडन,पूरनचंद
245 ## - TITLE STATEMENT
Title अप्रतिम कवि तुलसीदास/
Statement of responsibility, etc पूरनचंद टंडन और विनीता कुमारी
250 ## - EDITION STATEMENT
Edition statement 1
260 ## - PUBLICATION, DISTRIBUTION, ETC. (IMPRINT)
Place of publication, distribution, etc मेरठ
Name of publisher, distributor, etc अर्चना पब्लिकेशन्स
Date of publication, distribution, etc 2021
270 ## - ADDRESS
Address 57-ए न्यू आर्य नगर जेल रोड
City मेरठ
Postal code 250004
300 ## - PHYSICAL DESCRIPTION
Extent 312 पृ;
Dimensions 23 सेमी (सजिल्द)
700 ## - ADDED ENTRY--PERSONAL NAME
9 (RLIN) 63915
Personal name विनीता कुमारी
942 ## - ADDED ENTRY ELEMENTS (KOHA)
Institution code [OBSOLETE] dpl
Item type Hindi Books
Source of classification or shelving scheme Dewey Decimal Classification
Classification part 820.08
Call number suffix टंडन
Holdings
Withdrawn status Lost status Not for loan Collection code Home library Current library Date acquired Source of acquisition Cost, normal purchase price Full call number Barcode Copy number Cost, replacement price Koha item type
      Non-fiction Bawana Bawana 02/04/2024 DBAD 550.00 820.08 टंडन HN-99599 1 550.00 Hindi Books

© Delhi Public Library
Hit Counter
free hit counter